Red dog / (Record no. 8747)
[ view plain ]
| 000 -LEADER | |
|---|---|
| fixed length control field | 01586nam a22002777a 4500 |
| 001 - CONTROL NUMBER | |
| control field | 8747 |
| 003 - CONTROL NUMBER IDENTIFIER | |
| control field | FISKH |
| 005 - DATE AND TIME OF LATEST TRANSACTION | |
| control field | 20251016145131.0 |
| 008 - FIXED-LENGTH DATA ELEMENTS--GENERAL INFORMATION | |
| fixed length control field | 251016b cb ||||| |||| 00| 0 eng d |
| 020 ## - INTERNATIONAL STANDARD BOOK NUMBER | |
| International Standard Book Number | 9780194790833 |
| 040 ## - CATALOGING SOURCE | |
| Original cataloging agency | FISKH |
| Language of cataloging | eng |
| Transcribing agency | FISKH |
| Modifying agency | FISKH |
| 050 ## - LIBRARY OF CONGRESS CALL NUMBER | |
| Classification number | PR6054.E132 R43 |
| 082 ## - DEWEY DECIMAL CLASSIFICATION NUMBER | |
| Classification number | 823.914 |
| 100 ## - MAIN ENTRY--PERSONAL NAME | |
| Personal name | Bernières, Louis de |
| Relator term | Author |
| 245 ## - TITLE STATEMENT | |
| Title | Red dog / |
| Statement of responsibility, etc. | Retold by Jennifer Bassett ; Illustrated by Lachlan Creagh |
| 260 ## - PUBLICATION, DISTRIBUTION, ETC. | |
| Place of publication, distribution, etc. | New York : |
| Name of publisher, distributor, etc. | Oxford University , |
| Date of publication, distribution, etc. | 1999 |
| 300 ## - PHYSICAL DESCRIPTION | |
| Extent | 56 pages : |
| Other physical details | illustrations ; |
| Dimensions | 20 cm |
| 505 ## - FORMATTED CONTENTS NOTE | |
| Formatted contents note | N<br/> |
| 520 ## - SUMMARY, ETC. | |
| Summary, etc. | Red Dog is a West Australian, a lovable friendly red kelpie who found widespread fame as a result of his habit of travelling all over Western Australia, hitching rides over thousands of miles, settling in places for months at a time and adopting new families before heading off again to the next destination and another family - sometimes returning to say hello years later. While visiting Australia, Louis de Bernieres heard the legend of Red Dog and decided to do some research on this extraordinary story. After travelling to Western Australia and meeting countless people who'd known and loved Red Dog, Louis decided to spread Red Dog's fame a little further. The result is an utterly charming tale of an amazing dog with places to go and people to see. Red Dog will delight readers and animal lovers of all ages. |
| 521 8# - TARGET AUDIENCE NOTE | |
| Target audience note | 700<br/> |
| Source | Lexile<br/> |
| 521 8# - TARGET AUDIENCE NOTE | |
| Target audience note | N<br/> |
| Source | Raz-Plus<br/> |
| 650 ## - SUBJECT ADDED ENTRY--TOPICAL TERM | |
| Topical term or geographic name entry element | Animal stories |
| Form subdivision | Dog |
| 700 ## - ADDED ENTRY--PERSONAL NAME | |
| Personal name | Creagh, Lachlan |
| Relator term | Illustrator |
| 942 ## - ADDED ENTRY ELEMENTS (KOHA) | |
| Source of classification or shelving scheme | Dewey Decimal Classification |
| Koha item type | Books |
| Suppress in OPAC | No |
| Withdrawn status | Lost status | Source of classification or shelving scheme | Damaged status | Not for loan | Home library | Current library | Shelving location | Date acquired | Total Checkouts | Full call number | Barcode | Date last seen | Copy number | Price effective from | Koha item type |
|---|---|---|---|---|---|---|---|---|---|---|---|---|---|---|---|
| Dewey Decimal Classification | Footprints International School Library Network Toul Tom Poung Campus | Footprints International School Library Network Toul Tom Poung Campus | TTP Primary Orange Bookshelves | 10/16/2025 | BER 823.914 PR6054.E132 R43 | 2025-4645 | 10/16/2025 | 1 | 10/16/2025 | Books |
